[Event "DEM U14w 2000"]
[Site "Überlingen GER"]
[Date "2000.06.09"]
[Round "8"]
[White "Brethauer, Sarah"]
[Black "Wagle, Marina"]
[Result "1/2-1/2"]
[Termination "normal"]
[Board "3"]
[WhiteElo "1676"]
[BlackElo "1575"]
[PlyCount "53"]
[WhiteFideId "24605220"]
[EventCountry "GER"]
[EventRounds "9"]
[EventType "swiss"]
[EventDate "2000.06.03"]

1. e4 c6 2. d4 d5 3. Nc3 dxe4 4. Nxe4 e5 5. dxe5 Qa5+ 6. Nc3 Qxe5+ 7. Qe2 Qe6
8. Bd2 Nf6 9. O-O-O Qxe2 10. Bxe2 Bc5 11. f3 Be6 12. Bd3 Nbd7 13. Kb1 Ne5 14.
Be4 Nxe4 15. Nxe4 Be7 16. Bc3 Nd7 17. Ne2 f6 18. Rhe1 O-O-O 19. Nf4 Bf7 20. a3
Rhe8 21. Bb4 Bxb4 22. axb4 Kc7 23. Re2 g5 24. Nd3 f5 25. Nc3 Rxe2 26. Nxe2 Ne5
27. Nf2 1/2-1/2

[Event "DEM U14w 2000"]
[Site "Überlingen GER"]
[Date "2000.06.09"]
[Round "8"]
[White "Helmbold, Irene"]
[Black "Forchmann, Anneliese"]
[Result "1/2-1/2"]
[Termination "normal"]
[Board "4"]
[WhiteElo "1412"]
[BlackElo "1376"]
[PlyCount "55"]
[WhiteFideId "24600873"]
[EventCountry "GER"]
[EventRounds "9"]
[EventType "swiss"]
[EventDate "2000.06.03"]

1. e4 e6 2. d4 d5 3. Nc3 Bb4 4. e5 Ne7 5. a3 Bxc3+ 6. bxc3 c5 7. Qg4 O-O 8. Nf3
Nbc6 9. Bd3 f5 10. exf6 Rxf6 11. Bg5 Rf7 12. Qh4 g6 13. O-O c4 14. Be2 Qe8 15.
Bxe7 Qxe7 16. Qxe7 Rxe7 17. Rfe1 Bd7 18. Rab1 b6 19. Bd1 Rf8 20. Re3 h6 21. Be2
Ref7 22. Re1 Kg7 23. Bd1 Rb8 24. Ne5 Nxe5 25. Rxe5 Re8 26. Bf3 Kf8 27. Bg4 Rf6
28. Kf1 1/2-1/2

[Event "DEM U14w 2000"]
[Site "Überlingen GER"]
[Date "2000.06.09"]
[Round "8"]
[White "Sdunzik, Jennifer"]
[Black "Gudzik, Georgina"]
[Result "1-0"]
[Termination "normal"]
[Board "5"]
[WhiteElo "1222"]
[BlackElo "1356"]
[PlyCount "89"]
[WhiteFideId "24620475"]
[EventCountry "GER"]
[EventRounds "9"]
[EventType "swiss"]
[EventDate "2000.06.03"]

1. e4 e5 2. Nf3 Nc6 3. Nc3 Bb4 4. d4 exd4 5. Nxd4 Bxc3+ 6. bxc3 d6 7. Bc4 Nf6
8. f3 h6 9. O-O O-O 10. Qe1 Ne5 11. Bb3 Ng6 12. Qg3 Nh5 13. Qxg6 Qh4 14. Bxh6
Qf6 15. Qxf6 Nxf6 16. Be3 Bd7 17. a4 a6 18. a5 c5 19. Ne2 Rfe8 20. Rfd1 Nxe4
21. fxe4 Rxe4 22. Kf2 Rae8 23. Rd3 c4 24. Bxc4 Rxc4 25. Rxd6 Bc6 26. g3 Rce4
27. Rd3 Bb5 28. c4 Bxc4 29. Rc3 Bxe2 30. Kxe2 R8e7 31. Kf3 R4e5 32. Raa3 f6 33.
Rc5 Rxc5 34. Bxc5 Rc7 35. Rc3 Kf7 36. Bb4 Rd7 37. Rd3 Rc7 38. c3 g6 39. Rd6 g5
40. Rb6 Kg6 41. g4 Kg7 42. h3 Kg6 43. Rd6 Rc6 44. Rxc6 bxc6 45. Ke4 1-0

[Event "DEM U14w 2000"]
[Site "Überlingen GER"]
[Date "2000.06.09"]
[Round "8"]
[White "Stejskal, Janina Maria"]
[Black "Schöne, Maria"]
[Result "0-1"]
[Termination "normal"]
[Board "6"]
[WhiteElo "1180"]
[BlackElo "1634"]
[PlyCount "78"]
[WhiteFideId "24601942"]
[BlackFideId "4681410"]
[EventCountry "GER"]
[EventRounds "9"]
[EventType "swiss"]
[EventDate "2000.06.03"]

1. e4 c5 2. Nf3 d6 3. d4 cxd4 4. Nxd4 Nf6 5. Nc3 g6 6. g3 Bg7 7. Bg2 O-O 8. O-O
a6 9. Nd5 Nc6 10. Ne2 Nxd5 11. exd5 Ne5 12. Nd4 Qc7 13. b3 Bg4 14. f3 Nxf3+ 15.
Bxf3 Qc3 16. Bh6 Qxd4+ 17. Qxd4 Bxd4+ 18. Kg2 Bxf3+ 19. Kxf3 Bxa1 20. Bxf8 Kxf8
21. Rxa1 Rc8 22. c4 Rc5 23. a4 e5 24. Kg4 f5+ 25. Kg5 Kg7 26. Rf1 a5 27. Rf2
Rc7 28. Rf1 h6+ 29. Kh4 Re7 30. Kh3 Kf6 31. Kg2 g5 32. h3 e4 33. Kf2 f4 34.
gxf4 gxf4 35. Ke2 Kf5 36. Rg1 e3 37. Kf3 b6 38. Rg4 e2 39. Rxf4+ Kg6 0-1

[Event "DEM U14w 2000"]
[Site "Überlingen GER"]
[Date "2000.06.09"]
[Round "8"]
[White "Frey, Claudia"]
[Black "Zhang, Fan"]
[Result "1/2-1/2"]
[Termination "normal"]
[Board "7"]
[WhiteElo "1390"]
[BlackElo "1054"]
[PlyCount "56"]
[WhiteFideId "24614513"]
[BlackFideId "24609730"]
[EventCountry "GER"]
[EventRounds "9"]
[EventType "swiss"]
[EventDate "2000.06.03"]

1. e4 e6 2. d4 d5 3. exd5 exd5 4. Bd3 Bd6 5. Qf3 Ne7 6. Nc3 Be6 7. Nge2 c6 8.
Bd2 Qd7 9. h3 Bf5 10. O-O Bxd3 11. Qxd3 Qf5 12. Qxf5 Nxf5 13. Rfe1 O-O 14. Rad1
Nd7 15. Bf4 Bxf4 16. Nxf4 Rfe8 17. Nce2 Re4 18. f3 Re7 19. c3 Rae8 20. Kf2 Nf8
21. g4 Nd6 22. Ng3 Ne6 23. Nxe6 Rxe6 24. Rxe6 Rxe6 25. Re1 Rxe1 26. Kxe1 g6 27.
b3 Kf8 28. Ke2 Ke7 1/2-1/2

[Event "DEM U14w 2000"]
[Site "Überlingen GER"]
[Date "2000.06.09"]
[Round "8"]
[White "Wolowski, Laura"]
[Black "Katte, Isabel"]
[Result "0-1"]
[Termination "normal"]
[Board "8"]
[WhiteElo "1088"]
[BlackElo "1375"]
[PlyCount "109"]
[BlackFideId "24612987"]
[EventCountry "GER"]
[EventRounds "9"]
[EventType "swiss"]
[EventDate "2000.06.03"]

1. e4 b6 2. d4 Bb7 3. Nc3 e6 4. a3 Nf6 5. Bd3 Be7 6. Nf3 O-O 7. O-O c5 8. Re1
cxd4 9. Nxd4 Re8 10. Bg5 Nc6 11. Nf3 d6 12. Bb5 Nd7 13. Bxe7 Qxe7 14. Qd2 Red8
15. Rad1 Nf6 16. Qc1 Qc7 17. Rd2 Ne7 18. Qd1 d5 19. exd5 Nexd5 20. Nxd5 Rxd5
21. Rxd5 Bxd5 22. Be2 Rd8 23. Qc1 Rc8 24. c3 Ng4 25. h3 Nf6 26. Nd4 Bc4 27.
Bxc4 Qxc4 28. Qc2 Qxd4 29. Rd1 Qe4 30. Qd2 g6 31. Qg5 Qf5 32. Qe3 Nd5 33. Qe2
Qg5 34. Qb5 Rc5 35. Qe8+ Kg7 36. Kh2 Nf4 37. g3 Nd5 38. Qb8 Qf5 39. Kg2 Qe4+
40. Kg1 Qc2 41. Re1 Rb5 42. Qe5+ Kh6 43. Qb8 Kg7 44. Qe5+ f6 45. Qxe6 Qf5 46.
Qe8 Qd3 47. Kg2 Rxb2 48. Qd7+ Kh6 49. Qf7 a5 50. Qf8+ Kg5 51. h4+ Kg4 52. Qc8+
f5 53. Kg1 Kh3 54. Qe6 Qf3 55. Qxd5 0-1

[Event "DEM U14w 2000"]
[Site "Überlingen GER"]
[Date "2000.06.09"]
[Round "8"]
[White "Ratner, Syusanna"]
[Black "Hallmann, Bettina"]
[Result "1-0"]
[Termination "normal"]
[Board "9"]
[WhiteElo "1263"]
[BlackElo "1310"]
[PlyCount "81"]
[EventCountry "GER"]
[EventRounds "9"]
[EventType "swiss"]
[EventDate "2000.06.03"]

1. e4 e5 2. Nf3 Nc6 3. Nc3 Nf6 4. d4 exd4 5. Nxd4 Bb4 6. Nxc6 Bxc3+ 7. bxc3
bxc6 8. Bd3 h6 9. O-O O-O 10. e5 Nh7 11. Qg4 Kh8 12. Qh5 Qe7 13. Bd2 f6 14. Qg6
f5 15. Bxf5 Rxf5 16. Qxf5 d6 17. Qh5 Ba6 18. Rfe1 Qd7 19. e6 Qe7 20. Qf7 Re8
21. Rab1 Bc8 22. Qxe7 Rxe7 23. Rb8 Re8 24. e7 Nf6 25. Ra8 a6 26. c4 c5 27. Ra7
c6 28. Rc7 Kg8 29. Rxc6 Kf7 30. Rxd6 Ng8 31. Rc6 Nxe7 32. Rc7 Be6 33. Rxc5 Rb8
34. Rce5 Rb6 35. Be3 Rb2 36. Bc5 Ng6 37. Rxe6 Rxc2 38. Rxa6 Nf4 39. Re7+ Kg8
40. Ra8+ Kh7 41. h3 1-0

[Event "DEM U14w 2000"]
[Site "Überlingen GER"]
[Date "2000.06.09"]
[Round "8"]
[White "König, Daniela"]
[Black "Kunz, Katharina"]
[Result "1/2-1/2"]
[Termination "normal"]
[Board "10"]
[WhiteElo "1095"]
[BlackElo "637"]
[PlyCount "151"]
[EventCountry "GER"]
[EventRounds "9"]
[EventType "swiss"]
[EventDate "2000.06.03"]

1. e4 e5 2. Nf3 Nc6 3. Bc4 Bc5 4. c3 Nf6 5. d4 exd4 6. cxd4 Bb6 7. Nc3 h6 8.
Bf4 Nxe4 9. Nxe4 d5 10. Bd3 dxe4 11. Bxe4 O-O 12. Bxc6 bxc6 13. O-O Qf6 14. Be5
Qg6 15. Re1 Bg4 16. Qb3 Rab8 17. Qc3 f6 18. Nh4 Qh5 19. Bg3 Ba5 20. Qc4+ Qf7
21. Qxf7+ Rxf7 22. Re4 Bd7 23. b3 f5 24. Re5 Bc3 25. Rc1 Bxd4 26. Re2 f4 27.
Re4 fxg3 28. Rxd4 gxf2+ 29. Kf1 c5 30. Rxc5 Bb5+ 31. Rxb5 Rxb5 32. Nf3 Rc5 33.
Rd2 Rc1+ 34. Kxf2 c5 35. Rd8+ Rf8 36. Rd7 Rc2+ 37. Kg3 Rxa2 38. Rc7 Ra3 39. Nd2
Rd8 40. Nc4 Rxb3+ 41. Kf2 Rb5 42. Rxa7 Rd4 43. Ra8+ Kh7 44. Ne5 c4 45. Nf3 Rdd5
46. Ra4 c3 47. Rc4 Rb2+ 48. Ke3 c2 49. Nd2 g5 50. g4 c1=Q 51. Rxc1 Rbxd2 52.
Rc7+ Rd7 53. Rc6 Rxh2 54. Kf3 h5 55. gxh5 Rxh5 56. Kg4 Rh6 57. Rc5 Rh4+ 58.
Kxg5 Rhd4 59. Rc1 Rd1 60. Rc2 Rg1+ 61. Kf6 Rg6+ 62. Ke5 Rf7 63. Rh2+ Rh6 64.
Ra2 Rg7 65. Kf5 Rb6 66. Rh2+ Kg8 67. Ra2 Rbg6 68. Ra8+ Kh7 69. Ra1 Rf7+ 70. Ke5
Kg7 71. Ra2 Rg5+ 72. Ke4 Kg6 73. Ra6+ Rf6 74. Ra8 Rg4+ 75. Ke3 Re6+ 76. Kf3
1/2-1/2

[Event "DEM U14w 2000"]
[Site "Überlingen GER"]
[Date "2000.06.09"]
[Round "8"]
[White "Schulz, Stefanie"]
[Black "Mersmann, Maren"]
[Result "1/2-1/2"]
[Termination "normal"]
[Board "11"]
[WhiteElo "605"]
[BlackElo "1111"]
[PlyCount "67"]
[WhiteFideId "4693060"]
[EventCountry "GER"]
[EventRounds "9"]
[EventType "swiss"]
[EventDate "2000.06.03"]

1. e4 e5 2. Nf3 Nc6 3. Bc4 h6 4. d3 Bc5 5. Be3 Bb6 6. O-O Nf6 7. Nc3 d6 8. h3
O-O 9. Qd2 Qe7 10. Rad1 Ba5 11. a3 Bxc3 12. Qxc3 Be6 13. Bb5 Bd7 14. Bc4 Nh7
15. d4 exd4 16. Nxd4 Qxe4 17. Rfe1 Qg6 18. Bd3 Qf6 19. Nxc6 Bxc6 20. Bxh7+ Kxh7
21. Qxf6 gxf6 22. b3 Rg8 23. g3 Be4 24. Rd2 Bf3 25. Rd4 f5 26. Kh2 Be4 27. Re2
a6 28. Red2 Rae8 29. c4 b6 30. b4 Re7 31. a4 Bc6 32. Ra2 Re4 33. a5 Rxd4 34.
Bxd4 1/2-1/2

[Event "DEM U14w 2000"]
[Site "Überlingen GER"]
[Date "2000.06.09"]
[Round "8"]
[White "Wölfer, Wiebke"]
[Black "Schaper, Wiebke Mariet"]
[Result "1/2-1/2"]
[Termination "normal"]
[Board "12"]
[WhiteElo "1160"]
[BlackElo "1145"]
[PlyCount "83"]
[EventCountry "GER"]
[EventRounds "9"]
[EventType "swiss"]
[EventDate "2000.06.03"]

1. e4 d6 2. c3 Nf6 3. d3 g6 4. Nf3 Bg7 5. Be3 O-O 6. Be2 Nbd7 7. O-O d5 8. Nbd2
c6 9. Qc2 Ng4 10. d4 Nxe3 11. fxe3 e5 12. exd5 cxd5 13. c4 exd4 14. exd4 dxc4
15. Nxc4 Nb6 16. Rad1 Be6 17. d5 Bxd5 18. Ne3 Re8 19. Nxd5 Nxd5 20. Qd2 Qb6+
21. Rf2 Ne3 22. Rb1 Ng4 23. Bc4 Qxf2+ 24. Qxf2 Nxf2 25. Kxf2 Rac8 26. b3 Re7
27. Rd1 Rcc7 28. h3 Rcd7 29. Rc1 h6 30. a4 a5 31. Rb1 Rc7 32. Rd1 Kh7 33. Rd5
b6 34. Rd6 Rb7 35. Ba6 Rb8 36. Bc4 Bc3 37. Kg3 f5 38. Kh2 h5 39. Kg1 Rbb7 40.
Ba6 Rg7 41. Bd3 Bb4 42. Rc6 1/2-1/2

[Event "DEM U14w 2000"]
[Site "Überlingen GER"]
[Date "2000.06.10"]
[Round "9"]
[White "Schlander, Sabine"]
[Black "Sdunzik, Jennifer"]
[Result "1/2-1/2"]
[Termination "normal"]
[Board "1"]
[WhiteElo "2170"]
[BlackElo "1222"]
[PlyCount "47"]
[WhiteFideId "4658949"]
[BlackFideId "24620475"]
[EventCountry "GER"]
[EventRounds "9"]
[EventType "swiss"]
[EventDate "2000.06.03"]

1. e4 c5 2. Nf3 d6 3. d4 cxd4 4. Nxd4 Nf6 5. Nc3 a6 6. Be2 e5 7. Nb3 Be6 8. O-O
Be7 9. Kh1 O-O 10. f4 exf4 11. Bxf4 Nc6 12. Rf2 Ne5 13. h3 Qc7 14. Nd4 Rac8 15.
Nxe6 fxe6 16. Bxe5 dxe5 17. Bg4 Qc6 18. Rd2 b5 19. a3 Kh8 20. Qe2 Rfd8 21.
Rxd8+ Rxd8 22. Bf3 Rd4 23. Rd1 Rc4 24. Rd3 1/2-1/2

[Event "DEM U14w 2000"]
[Site "Überlingen GER"]
[Date "2000.06.10"]
[Round "9"]
[White "Beltz, Franziska"]
[Black "Schöne, Maria"]
[Result "1/2-1/2"]
[Termination "normal"]
[Board "2"]
[WhiteElo "1681"]
[BlackElo "1634"]
[PlyCount "80"]
[WhiteFideId "4681401"]
[BlackFideId "4681410"]
[EventCountry "GER"]
[EventRounds "9"]
[EventType "swiss"]
[EventDate "2000.06.03"]

1. e4 c5 2. Nf3 d6 3. d4 cxd4 4. Nxd4 Nf6 5. Nc3 g6 6. Be3 Bg7 7. f3 Nc6 8. Qd2
O-O 9. O-O-O Nxd4 10. Bxd4 Be6 11. Kb1 Qc7 12. g4 Rfc8 13. h4 Qa5 14. Qg5 Qxg5
15. hxg5 Nd7 16. Bxg7 Kxg7 17. Rh4 f6 18. gxf6+ Nxf6 19. Be2 Rc5 20. f4 g5 21.
fxg5 Rxg5 22. Nd5 Nxd5 23. exd5 Bxd5 24. Bd3 h6 25. Re1 e5 26. Bf5 Bf7 27. Rd1
d5 28. c4 d4 29. b3 Bg6 30. Bxg6 Rxg6 31. Rh5 Re8 32. Re1 e4 33. Rd5 Rxg4 34.
Rxd4 Re7 35. Rh1 Rg2 36. Rd6 h5 37. Rxh5 e3 38. Rh1 e2 39. Re1 Rf2 40. Kc2 Kf7
1/2-1/2

[Event "DEM U14w 2000"]
[Site "Überlingen GER"]
[Date "2000.06.10"]
[Round "9"]
[White "Forchmann, Anneliese"]
[Black "Brethauer, Sarah"]
[Result "0-1"]
[Termination "normal"]
[Board "3"]
[WhiteElo "1376"]
[BlackElo "1676"]
[PlyCount "92"]
[BlackFideId "24605220"]
[EventCountry "GER"]
[EventRounds "9"]
[EventType "swiss"]
[EventDate "2000.06.03"]

1. e4 c5 2. Nc3 Nc6 3. g3 g6 4. Bg2 Bg7 5. d3 e6 6. f4 Nge7 7. Nf3 d6 8. O-O
Rb8 9. Be3 Nd4 10. e5 dxe5 11. fxe5 Nef5 12. Bf2 b6 13. Re1 O-O 14. Rb1 Nxf3+
15. Bxf3 Nd4 16. Bg2 Bb7 17. Ne4 Bxe4 18. Rxe4 Nc6 19. Ra4 Qc7 20. Bxc6 Qxc6
21. Rxa7 Bxe5 22. Ra3 Ra8 23. Rxa8 Rxa8 24. a3 Qb5 25. Qe1 Bg7 26. Qc1 Rd8 27.
b3 Qc6 28. Qe3 Ra8 29. a4 Bd4 30. Qe2 Bg7 31. Be3 Rd8 32. Rf1 f5 33. Qd2 e5 34.
Re1 e4 35. Qg2 Re8 36. Bf4 Bd4+ 37. Be3 Bc3 38. Bd2 Bd4+ 39. Be3 Bg7 40. Bf4
Bc3 41. Bd2 Bxd2 42. Qxd2 Qd7 43. Kf2 Rd8 44. Rd1 Qd4+ 45. Ke2 Re8 46. Qe3
exd3+ 0-1

[Event "DEM U14w 2000"]
[Site "Überlingen GER"]
[Date "2000.06.10"]
[Round "9"]
[White "Wagle, Marina"]
[Black "Katte, Isabel"]
[Result "1/2-1/2"]
[Termination "normal"]
[Board "4"]
[WhiteElo "1575"]
[BlackElo "1375"]
[PlyCount "99"]
[BlackFideId "24612987"]
[EventCountry "GER"]
[EventRounds "9"]
[EventType "swiss"]
[EventDate "2000.06.03"]

1. d4 Nf6 2. c4 e6 3. Nc3 b6 4. Bg5 Be7 5. Nf3 Bb7 6. Qc2 d5 7. cxd5 exd5 8. e3
Nbd7 9. Bd3 O-O 10. h4 Re8 11. Ne5 Ne4 12. Bf4 c5 13. Nxd7 Qxd7 14. f3 c4 15.
Be2 Nxc3 16. bxc3 h6 17. g4 Bd6 18. Bxd6 Qxd6 19. Kf2 Qe6 20. Qd2 Re7 21. Rae1
Rae8 22. Bd1 Bc6 23. f4 Bd7 24. g5 Qd6 25. Bf3 Bf5 26. gxh6 gxh6 27. Rhg1+ Kh7
28. Bg4 Be4 29. Rg3 f5 30. Bh5 Rg8 31. Rxg8 Kxg8 32. Qc1 Qf6 33. Rg1+ Rg7 34.
Rxg7+ Qxg7 35. Qg1 Qxg1+ 36. Kxg1 Kf8 37. Kf2 Ke7 38. Ke1 Kd6 39. Kd2 Bb1 40.
a3 Be4 41. Kc1 Kc7 42. Kb2 b5 43. Bd1 a5 44. Bh5 Kb7 45. Be8 Kb6 46. Bh5 Kb7
47. Be8 Ka6 48. Bh5 Kb6 49. Be8 Bd3 50. Bh5 1/2-1/2

[Event "DEM U14w 2000"]
[Site "Überlingen GER"]
[Date "2000.06.10"]
[Round "9"]
[White "Janotta, Steffi"]
[Black "Krege, Sandra"]
[Result "0-1"]
[Termination "normal"]
[Board "5"]
[WhiteElo "1356"]
[BlackElo "1697"]
[PlyCount "96"]
[WhiteFideId "4696344"]
[BlackFideId "4680910"]
[EventCountry "GER"]
[EventRounds "9"]
[EventType "swiss"]
[EventDate "2000.06.03"]

1. e4 c5 2. Nf3 Nc6 3. d4 cxd4 4. Nxd4 Nf6 5. Nc3 e6 6. a3 Be7 7. Be2 d6 8. O-O
a6 9. Be3 Qc7 10. Qd2 O-O 11. Kh1 Rd8 12. g4 d5 13. exd5 Nxd4 14. Qxd4 Nxd5 15.
Nxd5 Rxd5 16. Qc4 Qxc4 17. Bxc4 Rd7 18. f4 b5 19. Be2 Bb7+ 20. Kg1 Be4 21. Rac1
Rc8 22. c3 Bc5 23. Bxc5 Rxc5 24. Rfe1 Bb7 25. Rcd1 Bd5 26. Bf3 Kf8 27. Bxd5
Rcxd5 28. Rxd5 Rxd5 29. Kf2 Ke7 30. Re4 Kd6 31. Ke3 f6 32. Ke2 e5 33. f5 Rc5
34. Kd3 Kd5 35. b3 a5 36. Re3 Rc6 37. h4 h6 38. Re2 Rc7 39. Re3 Rc5 40. Re2 Rc8
41. Re3 Ra8 42. Re2 Re8 43. Re4 Rc8 44. Re2 e4+ 45. Kd2 Ke5 46. Rg2 Kf4 47. Kc2
Kf3 48. Rg1 e3 0-1

[Event "DEM U14w 2000"]
[Site "Überlingen GER"]
[Date "2000.06.10"]
[Round "9"]
[White "Zhang, Fan"]
[Black "Helmbold, Irene"]
[Result "0-1"]
[Termination "normal"]
[Board "6"]
[WhiteElo "1054"]
[BlackElo "1412"]
[PlyCount "122"]
[WhiteFideId "24609730"]
[BlackFideId "24600873"]
[EventCountry "GER"]
[EventRounds "9"]
[EventType "swiss"]
[EventDate "2000.06.03"]

1. d4 Nf6 2. c4 g6 3. Nc3 Bg7 4. e4 d6 5. Nf3 O-O 6. Be2 c5 7. d5 Nbd7 8. O-O
a6 9. Bf4 Rb8 10. Re1 Nb6 11. Qc1 Bg4 12. b3 Na8 13. Bh6 Bxf3 14. Bxf3 b5 15.
Bxg7 Kxg7 16. Qe3 Nd7 17. Be2 Nc7 18. f4 f6 19. Qg3 bxc4 20. Bxc4 Nb5 21. Rac1
Qc8 22. Rf1 Nd4 23. Qe3 Ra8 24. Ne2 Nxe2+ 25. Qxe2 Nb6 26. Bd3 Qb7 27. Qg4 Qd7
28. Qxd7 Nxd7 29. Rf2 Rfb8 30. Rfc2 a5 31. Bc4 a4 32. Rb1 Rb4 33. g3 Nb6 34.
Kf2 axb3 35. axb3 Nxc4 36. Rxc4 Rab8 37. Rxb4 Rxb4 38. Ke3 c4 39. Kd2 cxb3 40.
Kc3 Rxe4 41. Rxb3 Re3+ 42. Kc4 Rxb3 43. Kxb3 Kf7 44. Kc4 e6 45. dxe6+ Kxe6 46.
g4 h5 47. h3 hxg4 48. hxg4 g5 49. Kd4 gxf4 50. Ke4 f3 51. Kxf3 Ke5 52. Ke3 d5
53. Kd3 d4 54. Ke2 Ke4 55. Kd2 Kf4 56. Kd3 Kxg4 57. Kxd4 Kf3 58. Kd5 f5 59. Ke5
f4 60. Kd4 Ke2 61. Ke4 f3 0-1

[Event "DEM U14w 2000"]
[Site "Überlingen GER"]
[Date "2000.06.10"]
[Round "9"]
[White "Gudzik, Georgina"]
[Black "Frey, Claudia"]
[Result "1/2-1/2"]
[Termination "normal"]
[Board "7"]
[WhiteElo "1356"]
[BlackElo "1390"]
[PlyCount "43"]
[BlackFideId "24614513"]
[EventCountry "GER"]
[EventRounds "9"]
[EventType "swiss"]
[EventDate "2000.06.03"]

1. e4 e5 2. Nf3 Nf6 3. Bc4 Nxe4 4. d3 d5 5. dxe4 dxc4 6. Qxd8+ Kxd8 7. Nxe5 Be6
8. Nc3 Bd6 9. Nf3 Nc6 10. h3 Kd7 11. Be3 Rad8 12. O-O-O Kc8 13. Ng5 Rhe8 14.
Nxe6 Rxe6 15. f3 a6 16. a3 Rde8 17. Bd4 Nxd4 18. Rxd4 b5 19. Rdd1 Rd8 20. Kb1
Re7 21. Rhe1 c6 22. Rf1 1/2-1/2

[Event "DEM U14w 2000"]
[Site "Überlingen GER"]
[Date "2000.06.10"]
[Round "9"]
[White "König, Daniela"]
[Black "Ratner, Syusanna"]
[Result "1/2-1/2"]
[Termination "normal"]
[Board "8"]
[WhiteElo "1095"]
[BlackElo "1263"]
[PlyCount "66"]
[EventCountry "GER"]
[EventRounds "9"]
[EventType "swiss"]
[EventDate "2000.06.03"]

1. e4 e5 2. Nf3 Nc6 3. Bc4 Bc5 4. Nc3 Nf6 5. d3 h6 6. Be3 Bb6 7. Qd2 d6 8. h3
Bxe3 9. Qxe3 O-O 10. O-O-O Na5 11. g4 Nxc4 12. dxc4 Be6 13. Nd5 Bxd5 14. cxd5
Nd7 15. Rhg1 a5 16. Nd2 Qg5 17. Nc4 Qxe3+ 18. Nxe3 Nc5 19. f3 g6 20. c4 Rfb8
21. b3 b5 22. Rg2 b4 23. Rb2 a4 24. Kc2 axb3+ 25. axb3 Ra3 26. Ng2 Rba8 27.
Rdb1 Ra2 28. Ne1 R8a3 29. Nd3 Nxd3 30. Kxd3 Kf8 31. Kc2 Rxb2+ 32. Kxb2 Ke7 33.
Rf1 f6 1/2-1/2

[Event "DEM U14w 2000"]
[Site "Überlingen GER"]
[Date "2000.06.10"]
[Round "9"]
[White "Wölfer, Wiebke"]
[Black "Stejskal, Janina Maria"]
[Result "1/2-1/2"]
[Termination "normal"]
[Board "9"]
[WhiteElo "1160"]
[BlackElo "1180"]
[PlyCount "99"]
[BlackFideId "24601942"]
[EventCountry "GER"]
[EventRounds "9"]
[EventType "swiss"]
[EventDate "2000.06.03"]

1. e4 e5 2. Nf3 d6 3. Bc4 Be7 4. O-O Nf6 5. d3 O-O 6. Be3 Nbd7 7. c3 c6 8. Qb3
h6 9. a4 Qc7 10. h3 b6 11. Qa2 Bb7 12. b4 d5 13. exd5 cxd5 14. Bb5 a6 15. Bxd7
Nxd7 16. Qd2 Bf6 17. Rc1 Rad8 18. Nh2 Qc6 19. d4 Rfe8 20. a5 b5 21. Na3 Be7 22.
Qe2 f5 23. Qh5 f4 24. Bd2 Bd6 25. Ng4 Bb8 26. Re1 Nf6 27. Nxf6+ Qxf6 28. dxe5
Rxe5 29. Rxe5 Bxe5 30. Re1 Bxc3 31. Bxc3 Qxc3 32. Re8+ Rxe8 33. Qxe8+ Kh7 34.
Qd7 Qc6 35. Qf5+ Kg8 36. Qxf4 d4 37. f3 d3 38. Qd2 Qd5 39. Nb1 Qb3 40. Qe1 Bd5
41. Nc3 Bc4 42. Ne4 Kf7 43. Nd6+ Kf6 44. Ne8+ Kf7 45. Nd6+ Kg8 46. Qe8+ Kh7 47.
Qe4+ Kh8 48. Nxc4 bxc4 49. Qe8+ Kh7 50. Qe4+ 1/2-1/2

[Event "DEM U14w 2000"]
[Site "Überlingen GER"]
[Date "2000.06.10"]
[Round "9"]
[White "Schaper, Wiebke Mariet"]
[Black "Hallmann, Bettina"]
[Result "1/2-1/2"]
[Termination "normal"]
[Board "11"]
[WhiteElo "1145"]
[BlackElo "1310"]
[PlyCount "30"]
[EventCountry "GER"]
[EventRounds "9"]
[EventType "swiss"]
[EventDate "2000.06.03"]

1. e4 e5 2. Nf3 Nc6 3. Bc4 Bc5 4. d3 Nf6 5. Bg5 h6 6. Bh4 d6 7. c3 Bg4 8. Nbd2
O-O 9. O-O a6 10. a4 Re8 11. Qb3 Rf8 12. Qa2 Qe7 13. b4 Bb6 14. Qb2 Be6 15.
Rfd1 Rfe8 1/2-1/2

[Event "DEM U14w 2000"]
[Site "Überlingen GER"]
[Date "2000.06.10"]
[Round "9"]
[White "Kunz, Katharina"]
[Black "Schulz, Stefanie"]
[Result "0-1"]
[Termination "normal"]
[Board "12"]
[WhiteElo "637"]
[BlackElo "605"]
[PlyCount "114"]
[BlackFideId "4693060"]
[EventCountry "GER"]
[EventRounds "9"]
[EventType "swiss"]
[EventDate "2000.06.03"]

1. e4 e5 2. Nf3 Nc6 3. Nc3 Bc5 4. Bc4 d6 5. h3 Be6 6. Bb3 Nge7 7. d3 O-O 8. Be3
Bb6 9. O-O f5 10. exf5 Bxb3 11. axb3 Nxf5 12. Bxb6 axb6 13. Rxa8 Qxa8 14. Nd5
Qd8 15. c3 Nce7 16. Ne3 c5 17. d4 exd4 18. cxd4 Nxe3 19. fxe3 Nd5 20. Qe2 Re8
21. Qc4 Kh8 22. Qxd5 Rxe3 23. dxc5 bxc5 24. Qxb7 h6 25. b4 Rb3 26. Rd1 Rxb4 27.
Qc6 Rb6 28. Qd5 Qf6 29. b3 Qc3 30. Qc4 Qxc4 31. bxc4 g5 32. Re1 Kg7 33. h4 g4
34. Nd2 Kf6 35. Ne4+ Ke5 36. Nxc5+ Kd4 37. Nd7 Rb4 38. Rd1+ Kxc4 39. Rxd6 g3
40. Rc6+ Kd5 41. Rc1 Rxh4 42. Kf1 Rh1+ 43. Ke2 Rxc1 44. Nf6+ Ke6 45. Kd2 Rg1
46. Ng4 h5 47. Ne3 Kf6 48. Ke2 Ra1 49. Nd5+ Kg5 50. Nc3 h4 51. Nd5 Ra2+ 52. Kf1
Kf5 53. Ne3+ Ke4 54. Nd1 Kd3 55. Nf2+ Rxf2+ 56. Kg1 Rb2 57. Kh1 Rb1# 0-1